000 00508nam a2200145 a 4500
005 20140408090121.0
008 060801s19uu xx 00 eng d
050 _aPGS '06
_bBUL #16
100 _aBulaong, Mariel M.
245 _aEffects of the Children's International Summer Village on the confidence level of the children /
_cMariel M. Bulaong.
260 _aLas Pinas City :
_bSouthville International School and Colleges,
_c2006.
300 _a39 leaves
650 _aDescriptive method.
942 _cPASS
999 _c97462
_d97462